|
|
|
|
| LEADER |
00000nam a2200000 a 4500 |
| 001 |
UCV8128 |
| 003 |
CL-VaPUC |
| 008 |
900807e19800000SP |||||||||||||||||spa|d |
| 082 |
0 |
4 |
|a 836
|b RIL
|2 21
|
| 100 |
|
|
|a Rilke, Rainer Maria
|e author
|9 265571
|
| 700 |
|
|
|a Kappus, Franz Xaver
|e author
|9 266084
|
| 245 |
1 |
0 |
|a Cartas a un joven poeta
|
| 300 |
|
|
|a 101 p
|
| 942 |
|
|
|c BK
|
| 945 |
|
|
|d 19900807 00:00:00
|
| 260 |
|
|
|a Madrid
|b Alianza
|c 1980
|
| 600 |
|
0 |
|a Rilke, Rainer Maria
|9 265571
|
| 600 |
|
0 |
|a Kappus, Franz Xaver
|9 266084
|
| 650 |
|
0 |
|a Literatura alemana
|x Autores
|9 266085
|
| 650 |
|
7 |
|a CORRESPONDENCIA SIGLO 20
|2 CL-VaPUC
|9 266086
|
| 583 |
|
|
|a last modification
|c 20180314 14:48:54
|k Rodrigo Vera
|
| 999 |
|
|
|c 213691
|d 213689
|
| 952 |
|
|
|0 0
|1 0
|4 0
|6 836_000000000000000_RIL_1980
|7 0
|8 R
|9 196334
|a BIBART
|b BIBART
|d 2019-11-14
|i 3518795
|l 4
|o 836 RIL 1980
|p 3518795
|r 2025-03-13
|s 2024-05-22
|w 2019-11-14
|y BK_R
|k ART
|